Political Culture in Pakistan (Record no. 13495)
[ view plain ]
| 000 -LEADER | |
|---|---|
| fixed length control field | 00344nam a22001337a 4500 |
| 020 ## - INTERNATIONAL STANDARD BOOK NUMBER | |
| ISBN | 969-496-207-2 |
| 082 ## - DEWEY DECIMAL CLASSIFICATION NUMBER | |
| Classification number | 320.95 |
| Item number | SID |
| 100 ## - MAIN ENTRY--AUTHOR NAME | |
| Personal name | Muhammad Siddique Qureshi |
| 245 ## - TITLE STATEMENT | |
| Title | Political Culture in Pakistan |
| 260 ## - PUBLICATION, DISTRIBUTION, ETC. (IMPRINT) | |
| Place of publication | Islamabad |
| Name of publisher | Dost Publication |
| Year of publication | 2002 |
| 300 ## - PHYSICAL DESCRIPTION | |
| Number of Pages | xiii,469 Pages |
| 650 ## - SUBJECT ADDED ENTRY--TOPICAL TERM | |
| Topical Term | Politics-culture- Pakistan |
| 942 ## - ADDED ENTRY ELEMENTS (KOHA) | |
| Koha item type | Books |
| Withdrawn status | Lost status | Collection code | Permanent Location | Current Location | Shelving location | Date acquired | Full call number | Accession Number | Koha item type |
|---|---|---|---|---|---|---|---|---|---|
| | | Pakistan Studies / History | MAJU | MAJU | Shelf No.A30 | 2022-11-29 | 320.95 SID | 10586 | Books |